LotR: Fellowship Characters by their Last Words - Statistics

General Stats
  • This quiz has been taken 106 times
  • The average score is 7 of 9
Answer Stats
Hint Answer % Correct
"Farewell, Aragorn! Go to Minas Tirith and save my people! I have failed." Boromir
96%
"Well, here at last, dear friends, on the shores of the Sea comes the end of our fellowship in Middle Earth. Go in peace! I will not say: do not weep; for not all tears are an evil." Gandalf
90%
"You shall come with me and keep your word; and thus we will journey on together to our own lands in Mirkwood and beyond." Legolas
88%
"And remember, dear friends of the Shire, that my realm lies also in the North, and I shall come there one day." Aragorn
84%
"Well, I'm back." Sam
84%
"You tried to give us the slip once before and failed, Frodo. This time you have nearly succeeded, but you have failed again. It was not Sam, though, that gave you away this time, but Gandalf himself!" Pippin
78%
"...And you will read things out of the Red Book, and keep alive the memory of the age that is gone, so that people will remember the Great Danger and so love their beloved land all the more. And that will keep you as busy and happy as anyone can be, as long as your part of the Story goes on. Come now, ride with me!" Frodo
76%
"We will send word when we may, and some of us may yet meet at times; but I fear that we shall not all be gathered together ever again." Gimli
76%
"And the very last end of the War, I hope." Merry
76%
No matching quizzes found
Score Distribution
Percent of People with Each Score
Percentile by Number Answered
Your Score History
You have not taken this quiz